000 00859nam a2200265 i 4500
001 17655
003 ES-MaACL
005 20250902225542.0
007 t|
008 010420s2000 sp ||||1| spa d
020 _a84-8140-071-8
080 _a32 Mateo Sagasta, Práxedes (064.3)
080 _a946.0"18"(064.3)
245 0 0 _aSagasta y el liberalismo español.
260 _aMadrid :
_bFundación BBVA,
_c[2000]
300 _a447 p. :
_bil. ;
_c28 cm.
500 _aCatálogo de la exposición del mismo título.
600 1 4 _aMateo Sagasta, Práxedes,
_d1825-1903-
_vExposiciones
_9101422
651 4 _aEspaña-
_xHistoria-
_yS.XIX-
_vExposiciones.
_98354
655 7 _2tgfbne
_9193628
_aCatálogos de exposiciones
710 2 _aFundación BBVA
_94230
852 _aES-MaACL
_jL-24574
_bR.129864
942 _2udc
999 _c17655
_d17655